Od Tatier k Dunaju

Bibliographic Details
Main Author: Makarová, Hilda (Author)
Format: Article
Language:Slovak
PhysicalDescription:Fotogr.
Subjects:

MARC

LEADER 00000nab a2200000 ar4500
001 vtls009453304
003 SK-MaSNL
005 20260303053545.0
008 081209c2008 xo mr|p|||||||000 b|slo
038 |a PPPK 
040 |a PPPKCL  |b slo  |c PPPKCL  |e AACR2 
041 0 |a slo 
044 |a xo  |c SK 
080 |a 373.3-053.2-056.45  |2 2001 
080 |a 376.54  |2 2001 
080 |a 336.563.1  |2 2001 
080 |a 061.27  |x (437.6)  |2 2001 
100 1 |a Makarová, Hilda  |4 aut  |9 1046277 
245 1 0 |a Od Tatier k Dunaju  |c Hilda Makarová, ZŠ Nižná brána Kežmarok 
300 |b Fotogr. 
610 2 7 |a Nadácia Penta  |2 pppkcl  |9 1046278 
610 2 7 |a Základná škola Nižná brána (Kežmarok, Slovensko)  |2 pppkcl  |9 57000 
610 2 7 |a Od Tatier k Dunaju (projekt)  |2 pppkcl  |9 1046279 
611 2 7 |a Grant pre mimoriadne nadané deti  |n (3. :  |d 2007 :  |c Slovensko)  |2 pppkcl  |9 1046280 
650 0 7 |a talentované deti  |2 pppkcl  |9 68989 
650 0 7 |a granty  |2 pppkcl  |9 5000 
651 7 |a Kežmarok (Slovensko)  |2 pppkcl  |9 26808 
773 0 |t Kežmarok  |g Roč. XV, č. 23 (2007), s. 15 
852 |a PPPK  |b KIS3GCP 
999 |c 1719721  |d 1721651